000 00703nam a2200301Ia 4500
005 20260330160946.0
008 008 300114s9999 xx 000 0 eng d
020 _a9780335226078
037 _aEBOOK
040 _aCRL
040 _beng
040 _cCRL
041 _2eng
041 _aeng
084 _qCRL
100 _aLago
_91232347
245 0 _aRace, Culture and Counselling
250 _a2
260 _bMcgraw Hill
260 _c2005
365 _aINR
365 _b122400
650 _aPsychology
856 _uhttps://resolver.vitalsource.com/9780335226078/?brand=mcgrawhillindia.vitalsource.com
942 _cEBOOK
999 _c1844454
_d1844454